000 00207 a2200097 4500
001 11870
100 _aJaeger, M.
245 _aLiberty versus equality
260 _a
_bThomas nelson
_c
090 _c9125
_d9125
942 _aNUST-CAE
_cM
_c35962
999 _c246943
_d246943